Statistiques concernant Ville d'après sa description Wikipédia #4

Cliquez ici pour prendre le quiz!

Statistiques générales

  • Ce quiz a été pris 42 fois
  • Le résultat moyen est 8 sur 10

Statistiques - réponses

HintRéponse% Correct
"[...] a été marquée par les différentes administrations germaniques puis allemandes et françaises. Son histoire, riche et tourmentée, a laissé un patrimoine architectural remarquable. Son centre-ville, situé sur la Grande Île, est entièrement inscrit au patrimoine mondial par l’UNESCO depuis 1988 et comprend notamment la cathédrale Notre-Dame de [...] et le quartier de la Petite France. "Strasbourg
95%
"Située au carrefour de l'océan Atlantique, de la forêt des Landes et de l'estuaire de la Gironde, la position centrale de [...] entre les itinéraires commerciaux, terrestres et fluviaux, au cœur d'une riche région viticole en a fait une des principales villes de France et d'Europe. "Bordeaux
90%
"[...] est situé au centre du Bassin parisien, sur une boucle de la Seine, entre les confluents avec la Marne et l'Oise. Le site est occupé à partir du IIIe siècle avant notre ère sous le nom Lutèce par le peuple gaulois des Parisii, qui donne son nom à la ville. "Paris
90%
"Située sur l'arc atlantique européen, [...] compte 225 081 habitants intra-muros, ce qui fait d'elle la première ville de la région Bretagne, la deuxième ville du Grand Ouest et la onzième commune la plus peuplée de France en nombre d'habitants. "Rennes
85%
"La ville de [...] est la ville la plus peuplée du département, bien qu'elle n'en soit pas le chef-lieu, cette fonction revenant à Arras. [...] se situe sur la Côte d'Opale, au bord du pas de [...] qui marque la limite entre la Manche et la mer du Nord, à 38 km des côtes anglaises. "Calais
79%
"[...] est une commune de l'ouest de la France, située au sud du Massif armoricain, qui s'étend sur les rives de la Loire, à 50 km de l'océan Atlantique. Chef-lieu du département de la Loire-Atlantique, et préfecture de la région Pays de la Loire, "Nantes
79%
"[...] est une commune française située en Bretagne, dans le département d'Ille-et-Vilaine, et le principal port de la côte nord de Bretagne. Le secteur touristique y est également très développé. [...] constitue la partie nord-ouest du Clos Poulet, une large presqu'île délimitée par la Rance, la Manche et la dépression de Châteauneuf. "Saint-Malo
77%
"[...] est historiquement une ville industrielle. En aval du Rhône, le long du fleuve, le sud de l'agglomération, accueille de nombreuses activités pétrochimiques, dans ce que l'on nomme la vallée de la chimie. Après le départ et la fermeture des industries textiles, elle s'est progressivement recentrée sur les secteurs d'activité de techniques de pointe, telles que la pharmacie et les biotechnologies. "Lyon
74%
"Occupée depuis le Néolithique, [...] se trouve dans la plaine de l'Aude entre deux grands axes de circulation reliant l'Atlantique à la mer Méditerranée et le Massif central aux Pyrénées. La ville est connue pour la Cité de [...], ensemble architectural médiéval restauré par Viollet-le-Duc au XIXe siècle et inscrit au patrimoine mondial de l'UNESCO depuis 1997. "Carcassone
62%
"[...], située à l'extrême sud de la Corse, est la commune française la plus méridionale de la France métropolitaine. Au sud, les Bouches de [...] séparent la Corse de la Sardaigne italienne. "Bonifacio
54%

Distribution des résultats

Percentile par nombre de réponses

% des personnes avec chaque résultat

Votre développement - résultats

Vous n’avez pas pris ce quiz